| 000 | 00628nam a2200217Ia 4500 | ||
|---|---|---|---|
| 005 | 20250701164514.0 | ||
| 008 | 008 250505s9999 xx 000 0 eng d | ||
| 020 | _a9788974799915 | ||
| 037 | _aTextual | ||
| 040 |
_aEASL _beng _cEASL |
||
| 041 |
_aeng _2eng |
||
| 084 |
_aQ4.495, R0 _qEASL |
||
| 100 |
_aGihwa Hamheo _9815070 |
||
| 245 | 0 | _aBuddhist Apologetic in Early Modern Korea. | |
| 260 |
_aKorea _bSeoul Jogye Order of Korean Buddhism Korea _c2020 |
||
| 300 | _a339p. | ||
| 365 | _aUK | ||
| 490 | _aSelected works of Korean buddhism | ||
| 942 |
_cTEXL _hQ4.495, R0 |
||
| 999 |
_c1433299 _d1433299 |
||